The Future development of rubber production and marketing in Indonesia (Record no. 70708)

MARC details
000 -LEADER
fixed length control field 00454nam a2200133Ia 4500
100 ## - MAIN ENTRY--AUTHOR NAME
Personal name Budiman A F S
245 #4 - TITLE STATEMENT
Title The Future development of rubber production and marketing in Indonesia
260 ## - PUBLICATION, DISTRIBUTION, ETC. (IMPRINT)
Name of publisher Proceedings of the International Rubber Marketing Conference 1996 held in Phuket, 11-13 April.p.3-21
650 ## - SUBJECT ADDED ENTRY--TOPICAL TERM
Topical Term Indonesia
650 ## - SUBJECT ADDED ENTRY--TOPICAL TERM
Topical Term Rubber Marketing
650 ## - SUBJECT ADDED ENTRY--TOPICAL TERM
Topical Term Rubber production
942 ## - ADDED ENTRY ELEMENTS (KOHA)
Koha item type Journals
Holdings
Withdrawn status Lost status Damaged status Not for loan Home library Current library Shelving location Date acquired Koha item type
      Journals RRII Library RRII Library Agricultural economics 17/12/2021 Journals